[Event "SRB-chT3 South"]
[Site "Serbia"]
[Date "2017.10.12"]
[Round "6.4"]
[White "Jovanovic, Dragan"]
[Black "Spasic, Petar"]
[Result "1/2-1/2"]
[WhiteElo "2071"]
[BlackElo "1964"]
[PlyCount "72"]
[EventDate "2017.09.03"]
[EventType "team-tourn"]
[EventRounds "11"]
[EventCountry "SRB"]
[SourceTitle "EXT 2022"]
[Source "ChessBase"]
[SourceDate "2021.10.06"]
[SourceVersion "1"]
[SourceVersionDate "2021.10.06"]
[SourceQuality "1"]

1. d4 Nf6 2. c4 e6 3. Nc3 d5 4. e3 c5 5. dxc5 Bxc5 6. Nf3 Nc6 7. Be2 0-0 8. 0-0 a6 9. a3 dxc4 10. Bxc4 b5 11. Be2 Qe7 12. b4 Bb6 13. Qc2 Bb7 14. Bb2 Rfd8 15. Rfd1 e5 16. Rxd8+ Rxd8 17. Rd1 e4 18. Rxd8+ Nxd8 19. Nd2 Qc7 20. Qb1 Qc6 21. Nb3 Ne6 22. Qd1 Nd5 23. Qc1 f5 24. Nxd5 Qxc1+ 25. Nxc1 Bxd5 26. g3 Kf7 27. Kf1 Bc7 28. Ke1 g5 29. Bh5+ Ke7 30. Bd1 f4 31. Bb3 Bc6 32. Ne2 fxe3 33. fxe3 h5 34. Nd4 Nxd4 35. Bxd4 a5 36. Kf2 a4 1/2-1/2

[Event "Smederevska Palanka Shocha Memorial"]
[Site "Smederevska Palanka"]
[Date "2016.01.10"]
[Round "1"]
[White "Radlovacki, Jovan"]
[Black "Jovanovic, Dragan"]
[Result "1-0"]
[WhiteElo "2465"]
[BlackElo "2106"]
[PlyCount "47"]
[EventDate "2016.01.01"]
[EventType "swiss"]
[EventRounds "9"]
[EventCountry "SRB"]
[SourceTitle "CBM 170 Extra"]
[Source "ChessBase"]
[SourceDate "2016.02.25"]
[SourceVersion "1"]
[SourceVersionDate "2016.02.25"]
[SourceQuality "1"]

1. e4 d6 2. d4 c6 3. Nc3 g6 4. Bc4 Nf6 5. Bg5 Qb6 6. a3 Qa5 7. Qd2 Bg7 8. h3 0-0 9. Nf3 Nbd7 10. 0-0 e5 11. dxe5 dxe5 12. Rad1 Qc7 13. Qe3 b6 14. b4 Bb7 15. Nh4 b5 16. Bb3 a5 17. Bh6 Nb6 18. Bxg7 Kxg7 19. Nf5+ Kh8 20. Qh6 Rg8 21. Nd6 Raf8 22. Qg5 Kg7 23. Nf5+ Kh8 24. Qxf6+ 1-0

[Event "SRB-chT2 South"]
[Site "Nis"]
[Date "2013.10.19"]
[Round "4.4"]
[White "Markovic, Mirko"]
[Black "Jovanovic, Dragan"]
[Result "1/2-1/2"]
[WhiteElo "2090"]
[BlackElo "2104"]
[PlyCount "22"]
[EventDate "2013.10.17"]
[EventType "team-swiss"]
[EventRounds "8"]
[EventCountry "SRB"]
[SourceTitle "EXT 2014"]
[Source "ChessBase"]
[SourceDate "2013.11.20"]
[SourceVersion "1"]
[SourceVersionDate "2013.11.20"]
[SourceQuality "1"]

1. e4 e5 2. Nf3 Nc6 3. d4 exd4 4. Nxd4 d6 5. Bb5 Bd7 6. 0-0 Nf6 7. Nc3 Be7 8. Be3 0-0 9. h3 Re8 10. Qd2 Nxd4 11. Qxd4 c5 1/2-1/2

[Event "Serbia-chT central"]
[Site "Golubac"]
[Date "2003.??.??"]
[Round "?"]
[White "Jovanovic, Dragan"]
[Black "Pavlovic, Goran"]
[Result "0-1"]
[WhiteElo "2144"]
[BlackElo "2348"]
[PlyCount "136"]
[EventDate "2003.09.27"]
[EventType "team"]
[EventRounds "11"]
[EventCountry "YUG"]
[SourceTitle "CBM 096 Extra"]
[Source "ChessBase"]
[SourceDate "2003.10.22"]
[SourceVersion "2"]
[SourceVersionDate "2003.10.20"]
[SourceQuality "1"]

1. d4 Nf6 2. c4 e6 3. Nc3 Bb4 4. Bd2 0-0 5. Nf3 b6 6. e3 Bb7 7. Be2 d5 8. cxd5 exd5 9. 0-0 Bd6 10. Nb5 Be7 11. Rc1 c6 12. Nc3 Nbd7 13. Bd3 c5 14. b3 Ne4 15. Qe2 a6 16. Rfd1 Re8 17. Be1 Bf8 18. dxc5 bxc5 19. Bxe4 dxe4 20. Nd2 Qc7 21. Nc4 Nf6 22. Rd2 Re6 23. Rcd1 Rae8 24. h3 h6 25. Qf1 Bc6 26. Ne2 Ra8 27. Ng3 g6 28. Qe2 h5 29. Nf1 Rb8 30. Rc2 Nd5 31. Ba5 Qa7 32. Rcd2 Nb4 33. Bxb4 cxb4 34. Rd8 Bb5 35. Qd2 Qc7 36. Rxb8 Qxb8 37. Qd8 Qxd8 38. Rxd8 Re8 39. Rxe8 Bxe8 40. Nfd2 f5 41. f3 exf3 42. gxf3 Kf7 43. Kf2 g5 44. Kg2 Ke6 45. Kf2 Bc5 46. Kg3 Bb5 47. h4 Bxc4 48. Nxc4 Bxe3 49. hxg5 Bxg5 50. f4 Bf6 51. Ne3 Be7 52. Kf3 Bc5 53. Ng2 Bd4 54. Nh4 Bf6 55. Ng2 h4 56. Ne3 Bd4 57. Nc2 Bc5 58. Ne1 Kd5 59. Nd3 Kd4 60. Ne5 Kc3 61. Ng6 Kb2 62. Nxh4 Kxa2 63. Nxf5 Kxb3 64. Ng3 a5 65. Ne4 Be7 66. Ke3 Kc2 67. f5 b3 68. f6 Bxf6 0-1

[Event "Serbia-chT central"]
[Site "Golubac"]
[Date "2003.??.??"]
[Round "?"]
[White "Markovic, Dejan"]
[Black "Jovanovic, Dragan"]
[Result "1/2-1/2"]
[WhiteElo "2214"]
[BlackElo "2144"]
[PlyCount "100"]
[EventDate "2003.09.27"]
[EventType "team"]
[EventRounds "11"]
[EventCountry "YUG"]
[SourceTitle "CBM 096 Extra"]
[Source "ChessBase"]
[SourceDate "2003.10.22"]
[SourceVersion "2"]
[SourceVersionDate "2003.10.20"]
[SourceQuality "1"]

1. d4 d5 2. Nf3 Nf6 3. g3 e6 4. Bg2 c5 5. c3 Nc6 6. 0-0 b6 7. Re1 Bb7 8. Bg5 Be7 9. e3 0-0 10. Nbd2 h6 11. Bxf6 Bxf6 12. Rc1 Rc8 13. Nb3 c4 14. Nbd2 b5 15. a3 a5 16. e4 b4 17. axb4 axb4 18. exd5 exd5 19. Nf1 b3 20. Ne3 Ra8 21. Nd2 Ra5 22. h4 Qd7 23. Qf3 Nd8 24. Ng4 Ra6 25. Nf1 Re8 26. Nfe3 Rae6 27. Red1 Be7 28. Bh3 Qb5 29. Ne5 Rxe5 30. dxe5 d4 31. Qf4 dxe3 32. Bd7 exf2+ 33. Kh2 Bc6 34. Bxe8 Bxe8 35. Qxf2 Qxe5 36. Re1 Qc7 37. Re4 Ne6 38. Qe2 Bb5 39. Rf1 Bd6 40. Qe3 Nc5 41. Rg4 Kh8 42. Qd4 Be5 43. Qd5 f6 44. Ra1 Ba6 45. Qa8+ Bc8 46. Ra7 Nb7 47. Ra4 Nd6 48. Ra7 Nb7 49. Ra4 Nd6 50. Ra7 Nb7 1/2-1/2